<?xml version="1.0" encoding="UTF-8"?><?xml-stylesheet type="text/xsl" href="static/style.xsl"?><OAI-PMH xmlns="http://www.openarchives.org/OAI/2.0/" xmlns:xsi="http://www.w3.org/2001/XMLSchema-instance" xsi:schemaLocation="http://www.openarchives.org/OAI/2.0/ http://www.openarchives.org/OAI/2.0/OAI-PMH.xsd"><responseDate>2026-06-01T04:33:43Z</responseDate><request verb="GetRecord" identifier="oai:riuma.uma.es:10630/11671" metadataPrefix="marc">https://riuma.uma.es/rest/oai/request</request><GetRecord><record><header><identifier>oai:riuma.uma.es:10630/11671</identifier><datestamp>2026-02-03T12:21:36Z</datestamp><setSpec>com_10630_2254</setSpec><setSpec>col_10630_37959</setSpec></header><metadata><record xmlns="http://www.loc.gov/MARC21/slim" xmlns:dcterms="http://purl.org/dc/terms/" xmlns:doc="http://www.lyncode.com/xoai" xmlns:xsi="http://www.w3.org/2001/XMLSchema-instance" xsi:schemaLocation="http://www.loc.gov/MARC21/slim http://www.loc.gov/standards/marcxml/schema/MARC21slim.xsd">
   <leader>00925njm 22002777a 4500</leader>
   <datafield ind2=" " ind1=" " tag="042">
      <subfield code="a">dc</subfield>
   </datafield>
   <datafield ind2=" " ind1=" " tag="720">
      <subfield code="a">Garrido-Moreno, Aurora</subfield>
      <subfield code="e">author</subfield>
   </datafield>
   <datafield ind2=" " ind1=" " tag="720">
      <subfield code="a">García-Morales, Víctor J.</subfield>
      <subfield code="e">author</subfield>
   </datafield>
   <datafield ind2=" " ind1=" " tag="720">
      <subfield code="a">Martín-Rojas, Rodrigo</subfield>
      <subfield code="e">author</subfield>
   </datafield>
   <datafield ind2=" " ind1=" " tag="720">
      <subfield code="a">García-Sánchez, Encarnación</subfield>
      <subfield code="e">author</subfield>
   </datafield>
   <datafield ind2=" " ind1=" " tag="260">
      <subfield code="c">2016-06-27</subfield>
   </datafield>
   <datafield ind2=" " ind1=" " tag="520">
      <subfield code="a">En la última década las tecnologías de Social Media han revolucionado el entorno competitivo, reinventando la forma de relacionarse con los clientes. En el sector hotelero, hoteles de todo el mundo están usando dichas herramientas para atraer a los clientes, estableciendo conversaciones colaborativas con ellos que vayan forjando vínculos emocionales con la marca. Asimismo, los hoteles se han dado cuenta de que herramientas Social Media se han convertido en facilitadoras de estrategias CRM (Gestión de Relaciones con Clientes), por lo que están integrando el uso de ambas herramientas para conocer mejor a sus clientes. No obstante, a pesar de la gran relevancia y del uso generalizado de Social CRM, la eficacia de dichas herramientas y su impacto en la creación de valor han sido aspectos poco analizados en estudios previos. Asimismo, la escasa investigación existente parece indicar que los hoteles no están aprovechando todo su potencial transformador. Con objeto de explorar la temática, el presente trabajo propone un marco teórico en el que se analiza cómo los hoteles pueden beneficiarse del uso de Social Media (uso de redes sociales y de sitios de revisión), examinando su impacto en resultados e introduciendo el papel mediador de las capacidades de gestión de relación con clientes usando Social Media. El trabajo supone una primera aproximación teórica al fenómeno, y constituye una base para la realización de futuros análisis empíricos.</subfield>
   </datafield>
   <datafield ind1="8" ind2=" " tag="024">
      <subfield code="a">http://hdl.handle.net/10630/11671</subfield>
   </datafield>
   <datafield ind1="8" ind2=" " tag="024">
      <subfield code="a">http://orcid.org/0000-0002-5306-2294</subfield>
   </datafield>
   <datafield tag="653" ind2=" " ind1=" ">
      <subfield code="a">Hoteles y pensiones</subfield>
   </datafield>
   <datafield tag="653" ind2=" " ind1=" ">
      <subfield code="a">Redes sociales</subfield>
   </datafield>
   <datafield ind2="0" ind1="0" tag="245">
      <subfield code="a">Exploring value creation with Social Media use in hotels</subfield>
   </datafield>
</record>
</metadata></record></GetRecord></OAI-PMH>